000 00416pab a2200169 454500
008 180718b2014 xxu||||| |||| 00| 0 eng d
100 _aNageshwar, K.
245 _aChandrababu Naidu' comeback
260 _c2014
300 _ap.31-33.
362 _a12 Jul
650 _aElections - India - Andhra Pradesh
650 _aElections
773 _aEconomic and Political Weekly
908 _aN
909 _a104648
999 _c104644
_d104644